[Event "Capablanca Memorial op-A 48th"]
[Site "Havana"]
[Date "2013.04.24"]
[Round "4"]
[White "Llaudy Pupo, Lisandra"]
[Black "Cueto Rodriguez, Janed"]
[Result "1-0"]
[WhiteElo "2270"]
[BlackElo "2138"]
[PlyCount "107"]
[EventDate "2013.04.21"]
[EventType "swiss"]
[EventRounds "10"]
[EventCountry "CUB"]
[SourceTitle "CBM 154 Extra"]
[Source "ChessBase"]
[SourceDate "2013.06.25"]
[SourceVersion "2"]
[SourceVersionDate "2013.06.25"]
[SourceQuality "1"]

1. e4 e5 2. Nf3 Nc6 3. Bb5 a6 4. Ba4 Nf6 5. Qe2 Be7 6. 0-0 d6 7. c3 b5 8. Bc2 0-0 9. Rd1 Bg4 10. h3 Bh5 11. d3 Ne8 12. Nbd2 f6 13. Nf1 Bf7 14. Ne3 Qd7 15. d4 g6 16. b3 Ng7 17. Ng4 Qe8 18. Nh6+ Kh8 19. Nxf7+ Rxf7 20. a4 Rb8 21. axb5 axb5 22. Bd3 Nd8 23. b4 c6 24. Bc2 Bf8 25. Bb3 Nge6 26. g3 Rc7 27. Kg2 Nf7 28. Qa2 Ned8 29. Re1 Rcc8 30. Be3 Bh6 31. Bxh6 Nxh6 32. Qd2 Nhf7 33. Nh2 Ra8 34. h4 Qe7 35. Ng4 Kg7 36. h5 Ne6 37. f3 gxh5 38. Ne3 Nh6 39. d5 Rxa1 40. Rxa1 Ng5 41. dxc6 Rxc6 42. Nd5 Qe6 43. Rh1 Qe8 44. Qa2 Rc8 45. Qa7+ Nhf7 46. Qe3 Nh6 47. Qb6 Nhf7 48. Rxh5 Qd7 49. Qe3 Ra8 50. Nb6 Qa7 51. f4 Rb8 52. fxg5 Qxb6 53. gxf6+ Kg8 54. Qg5+ 1-0

[Event "Capablanca Memorial op-A 46th"]
[Site "Havana"]
[Date "2011.05.18"]
[Round "7"]
[White "Cueto Rodriguez, Janed"]
[Black "Sanchez Comesana, Angelica Maria"]
[Result "1-0"]
[WhiteElo "2138"]
[BlackElo "2019"]
[PlyCount "135"]
[EventDate "2011.05.11"]
[EventType "swiss"]
[EventRounds "10"]
[EventCountry "CUB"]
[SourceTitle "CBM 142 Extra"]
[Source "ChessBase"]
[SourceDate "2011.06.27"]
[SourceVersion "1"]
[SourceVersionDate "2011.06.27"]
[SourceQuality "1"]

1. e4 e5 2. Nf3 Nc6 3. d4 exd4 4. Nxd4 Nf6 5. Nc3 Bb4 6. Nxc6 bxc6 7. Bd3 d5 8. exd5 cxd5 9. 0-0 0-0 10. Bg5 c6 11. Ne2 Bd6 12. Nd4 Bd7 13. Qf3 Be5 14. Nf5 Re8 15. c3 Rb8 16. Rab1 Bxf5 17. Bxf5 h6 18. Bh4 Qd6 19. Bg3 Bxg3 20. hxg3 Qe5 21. Rfc1 g6 22. Bd3 Qg5 23. Qf4 Qxf4 24. gxf4 Re7 25. b4 Kf8 26. a4 Ne4 27. f3 Nd6 28. Kf2 f5 29. Rh1 Kg7 30. Rhe1 Rxe1 31. Rxe1 Kf6 32. Re2 h5 33. Ke3 Ke6 34. Kd4+ Kd7 35. Ke5 Ke7 36. Kd4+ Kd7 37. Ke5 Ke7 38. Kd4+ Kd7 39. g4 h4 40. gxf5 gxf5 41. Rh2 Rh8 42. Ke5 Ke7 43. b5 cxb5 44. axb5 Rh6 45. Kxd5 Kd7 46. c4 Kc7 47. c5 Nb7 48. Bf1 Rh8 49. Bh3 Rf8 50. Rg2 Rf7 51. Rg5 Rd7+ 52. Kc4 Rd1 53. Rg7+ Kb8 54. c6 Rc1+ 55. Kd5 Rd1+ 56. Kc4 Rc1+ 57. Kd5 Rd1+ 58. Ke6 Re1+ 59. Kf6 Nd6 60. Rd7 Nxb5 61. Rb7+ Kc8 62. Bxf5+ Kd8 63. Rxb5 Kc7 64. Be4 h3 65. Rh5 Rh1 66. Rh7+ Kb6 67. Rb7+ Kc5 68. c7 1-0

[Event "Capablanca Memorial op 45th"]
[Site "Havana"]
[Date "2010.06.17"]
[Round "7"]
[White "Morales Romero, Pedro"]
[Black "Cueto Rodriguez, Janed"]
[Result "1-0"]
[WhiteElo "2420"]
[BlackElo "2134"]
[PlyCount "71"]
[EventDate "2010.06.10"]
[EventType "swiss"]
[EventRounds "10"]
[EventCountry "CUB"]
[SourceTitle "CBM 137 Extra"]
[Source "ChessBase"]
[SourceDate "2010.09.01"]
[SourceVersion "1"]
[SourceVersionDate "2010.09.01"]
[SourceQuality "1"]

1. e4 e5 2. Nf3 Nc6 3. Bb5 a6 4. Ba4 Nf6 5. 0-0 b5 6. Bb3 Be7 7. Re1 d6 8. c3 0-0 9. d4 Bg4 10. d5 Na5 11. Bc2 c6 12. h3 Bh5 13. dxc6 Nxc6 14. Bg5 Qc7 15. Bxf6 Bxf6 16. Nbd2 Rac8 17. Bb3 Nd8 18. Nf1 Ne6 19. Ne3 Nf4 20. Kh2 Qc5 21. g3 Ne6 22. Qe2 Bd8 23. Nd5 Kh8 24. a4 f5 25. exf5 e4 26. fxe6 Rxf3 27. Rf1 Bb6 28. axb5 Rcf8 29. e7 Rxf2+ 30. Kh1 R8f3 31. Rxf2 Qxf2 32. Qxf2 Bxf2 33. Rxa6 h6 34. Ra8+ Kh7 35. Nf4 Rxf4 36. Bg8+ 1-0

[Event "Capablanca Memorial op 45th"]
[Site "Havana"]
[Date "2010.06.16"]
[Round "6"]
[White "Cueto Rodriguez, Janed"]
[Black "Garcia Pantoja, Roberto"]
[Result "1/2-1/2"]
[WhiteElo "2134"]
[BlackElo "2378"]
[PlyCount "83"]
[EventDate "2010.06.10"]
[EventType "swiss"]
[EventRounds "10"]
[EventCountry "CUB"]
[SourceTitle "CBM 137 Extra"]
[Source "ChessBase"]
[SourceDate "2010.09.01"]
[SourceVersion "1"]
[SourceVersionDate "2010.09.01"]
[SourceQuality "1"]

1. e4 e6 2. d3 d5 3. Qe2 Nf6 4. e5 Nfd7 5. f4 c5 6. Nf3 Nc6 7. g3 b5 8. Bg2 Qb6 9. Be3 Be7 10. 0-0 0-0 11. Nbd2 Bb7 12. Bf2 b4 13. Rfd1 a5 14. c3 bxc3 15. bxc3 Rab8 16. Rab1 Qc7 17. c4 Nb4 18. Nf1 d4 19. g4 Nb6 20. Be1 Na4 21. a3 Nc6 22. Qc2 Nc3 23. Bxc3 dxc3 24. Qxc3 f6 25. Ng3 Nd4 26. Nxd4 cxd4 27. Qe1 Bxg2 28. Kxg2 Bxa3 29. Qe4 fxe5 30. fxe5 Bb2 31. Rd2 Bc3 32. Rxb8 Rxb8 33. Ra2 Qb6 34. Qe2 Qb1 35. Ne4 Rb2 36. Rxb2 Bxb2 37. Nd6 h6 38. Qf3 Qc2+ 39. Kh3 Bc3 40. Qa8+ Kh7 41. Qe4+ Kg8 42. Qa8+ 1/2-1/2

[Event "Capablanca Memorial op 45th"]
[Site "Havana"]
[Date "2010.06.12"]
[Round "3"]
[White "Vigoa Apecheche, Yanira"]
[Black "Cueto Rodriguez, Janed"]
[Result "1/2-1/2"]
[WhiteElo "2302"]
[BlackElo "2134"]
[PlyCount "85"]
[EventDate "2010.06.10"]
[EventType "swiss"]
[EventRounds "10"]
[EventCountry "CUB"]
[SourceTitle "CBM 137 Extra"]
[Source "ChessBase"]
[SourceDate "2010.09.01"]
[SourceVersion "1"]
[SourceVersionDate "2010.09.01"]
[SourceQuality "1"]

1. Nf3 f5 2. d4 e6 3. c4 Nf6 4. Nc3 d5 5. e3 c6 6. Bd3 Bd6 7. Qc2 Ne4 8. a3 a5 9. Rb1 0-0 10. 0-0 Nd7 11. b4 axb4 12. axb4 Rf6 13. h3 Rg6 14. Rd1 Ng5 15. Nxg5 Qxg5 16. Bf1 Qh5 17. Kh1 dxc4 18. Bxc4 Nb6 19. Bf1 Nd5 20. Nxd5 exd5 21. b5 f4 22. exf4 Bxh3 23. gxh3 Qf3+ 24. Kh2 Bxf4+ 25. Bxf4 Qxf4+ 26. Kh1 Qg5 27. Qxg6 hxg6 28. bxc6 bxc6 29. Rb2 Qf5 30. Bg2 Ra3 31. Rbd2 Rc3 32. Kg1 Rc2 33. Rxc2 Qxc2 34. Bf3 Qc3 35. Kg2 Kf7 36. Bg4 Kf6 37. Bf3 Kf5 38. Kg3 g5 39. Kg2 Kf4 40. Bg4 g6 41. Be2 Qc2 42. Bg4 Qc3 43. Be2 1/2-1/2

[Event "Havana Province-ch (Women)"]
[Site "Havana"]
[Date "2009.10.28"]
[Round "4"]
[White "Cueto Rodriguez, Janed"]
[Black "Hernandez Moya, Yuleisis"]
[Result "1/2-1/2"]
[WhiteElo "2138"]
[BlackElo "2143"]
[PlyCount "50"]
[EventDate "2009.10.25"]
[EventType "tourn"]
[EventRounds "11"]
[EventCountry "CUB"]
[EventCategory "1"]
[SourceTitle "EXT 2012"]
[Source "ChessBase"]
[SourceDate "2011.11.24"]
[SourceVersion "1"]
[SourceVersionDate "2011.11.24"]
[SourceQuality "1"]

1. e4 e6 2. d3 d5 3. Nd2 c5 4. g3 Bd6 5. Bg2 Ne7 6. Ne2 Nbc6 7. 0-0 0-0 8. f4 f5 9. Nc3 d4 10. Ne2 Bc7 11. a4 Rb8 12. Nb3 b6 13. c3 Ba6 14. c4 Nb4 15. e5 Bb7 16. Ra3 Qd7 17. Nd2 Bxg2 18. Kxg2 Qc6+ 19. Nf3 a6 20. Bd2 a5 21. Bxb4 axb4 22. Ra1 Kf7 23. Kf2 h6 24. b3 Rg8 25. h4 Qd7 1/2-1/2

[Event "CUB-ch U20 sf Girls"]
[Site "Cuba"]
[Date "2000.??.??"]
[Round "3"]
[White "Cueto Rodriguez, Janed"]
[Black "Leliebre, Yudelis"]
[Result "0-1"]
[WhiteElo "2005"]
[BlackElo "2080"]
[PlyCount "50"]
[EventDate "2000.??.??"]
[EventType "swiss"]
[EventRounds "7"]
[EventCountry "CUB"]
[SourceTitle "EXT 2003"]
[Source "ChessBase"]
[SourceDate "2002.11.25"]
[SourceVersion "1"]
[SourceVersionDate "2002.11.25"]
[SourceQuality "1"]

1. e4 c5 2. Nf3 e6 3. d4 cxd4 4. Nxd4 Nf6 5. Nc3 d6 6. Bc4 a6 7. a3 b5 8. Ba2 Be7 9. 0-0 Bb7 10. Qf3 Nc6 11. Be3 0-0 12. Nxc6 Bxc6 13. Rad1 Qc7 14. Rfe1 Qb7 15. Bf4 Rfd8 16. Qe2 a5 17. f3 b4 18. Nd5 exd5 19. exd5 Bxd5 20. Rxd5 Nxd5 21. Qc4 Bh4 22. Rd1 Nxf4 23. Qxf4 Bf6 24. Bd5 Qa7+ 25. Kh1 Rac8 0-1